| 000 | 01783nam a2200409 c 4500 | ||
|---|---|---|---|
| 003 | BLK | ||
| 005 | 20250705134256.0 | ||
| 008 | 180411b bul|||||r ||||||| ||bul|| | ||
| 010 | _aKNG00183986000 | ||
| 020 |
_a978-954-625-999-8 _bиздат.: Фют |
||
| 040 | _aBLK | ||
| 041 |
_aBUL _cBUL |
||
| 072 | 7 |
_2bullib _aН85 _xДетска художествена литература Н |
|
| 080 |
_aАнглийска литература _b821.111 _x-93-32 _z821.111-93-32 |
||
| 100 | 1 |
_aРобинс, Холи _eпърви автор _gРаплей, Белинда _9334869 |
|
| 700 | 1 |
_aРаплей, Белинда _e* _9334870 |
|
| 700 | 1 |
_aБъргър, Джо _eил. _9334871 |
|
| 700 | 1 |
_aСтойчева, Гергана Димитрова _eпрев. _9334872 |
|
| 139 |
_aРаплей, Белинда _bР 37 |
||
| 245 | 1 | 0 |
_aНепознатата сестра _cХоли Робинс; * Белинда Раплей; ил. Джо Бъргър; прев. Гергана Димитрова Стойчева. |
| 257 | _aGBR | ||
| 260 |
_аСофия _bФют _c2015 _fСофия : Лито Балкан |
||
| 300 |
_a152 с. _c20 см |
||
| 380 | _aDX | ||
| 490 | 1 |
_aНДПЗ Най-добри приятелки завинаги _vКн. 3 |
|
| 500 | _aОриг. загл. BFFS. True Colours / Belinda Rapley. - Холи Робинс е псевд. на Белинда Раплей. | ||
| 653 | _aповести | ||
| 653 | _aлитература за деца | ||
| 653 | _aдетска литература | ||
| 659 | _aН | ||
| 852 | _aЦб 277625 | ||
| 856 | 4 |
_qpdf _u |
|
| 856 | 4 |
_qpdf _u |
|
| 942 |
_cKNG _n0 _06 |
||
| 944 |
_aCR _c22.10.2015 _lЦветелина Шанова _k30531 |
||
| 944 |
_aED _c03.11.2015 _lф / _kЛюдмила_Стоянова |
||
| 999 |
_c175431 _d175431 |
||